LEADER 00860nam0-2200301 --450 001 9910371959903321 005 20200212105435.0 010 $a978-88-430-9581-0 100 $a20200212d2019----kmuy0itay5050 ba 101 0 $aita$cita 102 $aIT 105 $a y 105 $a 001yy 200 1 $a<>alfabeto della materia$eviaggio nel mondo degli elementi chimici$fSilvano Fuso 210 $aRoma$cCarocci$d2019 215 $a199 p.$cill.$d22 cm 225 1 $aSfere$v148 320 $aContiene bibl. (pp.185-189) 610 0 $aElementi chimici 676 $a546.8$v21$zita 700 1$aFuso,$bSilvano$0481336 801 0$aIT$bUNINA$gREICAT$2UNIMARC 901 $aBK 912 $a9910371959903321 952 $aCOLLEZ. 1996 (148)$b57/2020$fFSPBC 959 $aFSPBC 996 $aAlfabeto della materia$91668367 997 $aUNINA LEADER 03743oam 2200913 c 450 001 9910968348903321 005 20260408080230.0 010 $a3-657-78629-5 024 7 $a10.30965/9783657786299 035 $a(CKB)4910000000018477 035 $a(OCoLC)1017095752 035 $a(nllekb)BRILL9783657786299 035 $a(MiAaPQ)EBC6554285 035 $a(Au-PeEL)EBL6554285 035 $a(OCoLC)1247664202 035 $a(Brill | Scho?ningh)9783657786299 035 $a(Brill | Schöningh)9783657786299 035 $a(EXLCZ)994910000000018477 100 $a20260408d2017 uy 0 101 0 $aeng 135 $aurun####uuuua 181 $ctxt$2rdacontent 182 $cc$2rdamedia 183 $2rdacarrier 200 10$aUrban Dynamics and Transcultural Communication in Medieval Sicily$fTheresa Jäckh M.A., Mona Kirsch, Richard Engl, Julia Becker, Vera von Falkenhausen, Theresa Jäckh M.A., Thomas Dittelbach, Alex Metcalfe, Mohammed Querfelli, Hadrien Penet, Fabrizio Titone, Kristjan Toomaspoeg, Elisa Vermiglio, Theresa Jäckh, Mona Kirsch, Mihran Dabag, Nikolas Jaspert, Achim Lichtenberger 205 $a1st ed. 210 $aPaderborn$cBrill | Schöningh$d2017 215 $a1 online resource 225 0 $aMittelmeerstudien$v17 311 08$a3-506-78629-6 320 $aIncludes bibliographical references and index. 330 $aAt the heart of the Mediterranean, the island of Sicily has long been a place of encounter. Witness to conquests and cycles of migration, the island?s enviable position as a unique nexus of exchange has left it heir to a rich linguistic, religious, ethnic and cultural inheritance. As the island?s primary conduits of interaction, Sicily?s vibrant cities not only functioned as important hubs for the exchange of goods and knowledge, but also facilitated the transcultural contact of peoples and cultures. This volume offers multi-disciplinary approaches in endeavouring to investigate how such manifold influences shaped the cities of the island and were reflected in the urban dynamics and transcultural communication of medieval Sicily. 410 0$aMittelmeerstudien$v17. 606 $aSizilien 606 $aNetzwerke 606 $aMittelmeer 606 $aMittelalter 606 $aStadtgeschichte 606 $aHandel 606 $achristlich-islamischer Kulturkontakt 606 $aVerflechtungsgeschichte 606 $aTranskulturalität 606 $aMinderheiten 615 4$aSizilien 615 4$aNetzwerke 615 4$aMittelmeer 615 4$aMittelalter 615 4$aStadtgeschichte 615 4$aHandel 615 4$achristlich-islamischer Kulturkontakt 615 4$aVerflechtungsgeschichte 615 4$aTranskulturalität 615 4$aMinderheiten 676 $a900 700 $aJäckh M.A$b Theresa$4aut$01837184 702 $aKirsch$b Mona$4aut 702 $aEngl$b Richard$4ctb 702 $aBecker$b Julia$4ctb 702 $avon Falkenhausen$b Vera$4ctb 702 $aJäckh M.A$b Theresa$4ctb 702 $aDittelbach$b Thomas$4ctb 702 $aMetcalfe$b Alex$4ctb 702 $aQuerfelli$b Mohammed$4ctb 702 $aPenet$b Hadrien$4ctb 702 $aTitone$b Fabrizio$4ctb 702 $aToomaspoeg$b Kristjan$4ctb 702 $aVermiglio$b Elisa$4ctb 702 $aJäckh$b Theresa$4edt 702 $aKirsch$b Mona$4edt 702 $aDabag$b Mihran$4edt 702 $aJaspert$b Nikolas$4edt 702 $aLichtenberger$b Achim$4edt 801 0$bMiAaPQ 801 1$bMiAaPQ 801 2$bMiAaPQ 906 $aBOOK 912 $a9910968348903321 996 $aUrban Dynamics and Transcultural Communication in Medieval Sicily$94415580 997 $aUNINA